Statistieken voor 100 Grootste steden in Nederland

Klik hier om de quiz te nemen!

Algemene statistieken

  • Deze quiz is 1.729 keer genomen
  • De gemiddelde score is 48 van 100

Antwoordstatistieken

Aantal inwonersProvincieUrban area% Correct
1.027.860Noord-HollandAmsterdam
99%
798.015Zuid-HollandRotterdam
99%
345.960UtrechtUtrecht
99%
753.010Zuid-Holland's-Gravenhage
98%
200.900GroningenGroningen
97%
115.070LimburgMaastricht
95%
285.355Noord-BrabantEindhoven
94%
175.475GelderlandArnhem
88%
147.525Noord-BrabantBreda
87%
204.990Noord-BrabantTilburg
87%
96.135OverijsselZwolle
87%
166.645FlevolandAlmere
86%
91.445FrieslandLeeuwarden
86%
156.595Noord-Brabant's-Hertogenbosch
86%
192.925Noord-HollandHaarlem
85%
72.180FlevolandLelystad
84%
155.730GelderlandNijmegen
83%
65.860DrentheAssen
82%
99.300Noord-HollandAlkmaar
81%
256.825Zuid-HollandLeiden
81%
81.715LimburgVenlo
81%
39.210ZeelandMiddelburg
80%
148.185OverijsselEnschede
77%
136.765GelderlandApeldoorn
76%
144.915UtrechtAmersfoort
75%
217.980Zuid-HollandDordrecht
71%
67.665OverijsselAlmelo
70%
41.790Noord-HollandDen helder
70%
52.525DrentheEmmen
67%
70.350Zuid-HollandGouda
66%
80.065Noord-HollandHilversum
64%
82.150OverijsselDeventer
63%
174.740LimburgHeerlen
63%
55.145OverijsselHengelo
63%
30.940FrieslandHeerenveen
62%
43.505ZeelandVlissingen
62%
45.095LimburgRoermond
59%
28.100Noord-HollandEdam-Volendam
57%
66.380Noord-BrabantRoosendaal
56%
42.195LimburgSittard
56%
56.530Noord-BrabantOss
54%
32.670FrieslandSneek
54%
121.460Zuid-HollandZoetermeer
53%
65.685GelderlandEde
52%
70.370Noord-HollandHoorn
52%
29.795ZeelandGoes
48%
76.965Noord-BrabantHelmond
48%
50.540Noord-BrabantBergen op Zoom
46%
27.650LimburgVenray
45%
31.390LimburgKerkrade
42%
27.740DrentheMeppel
42%
41.435GelderlandDoetinchem
41%
80.560Noord-HollandPurmerend
41%
49.045UtrechtZeist
41%
43.010GelderlandZutphen
40%
43.960FrieslandDrachten
39%
40.285DrentheHoogeveen
39%
60.605UtrechtNieuwegein
39%
34.070GelderlandWageningen
38%
33.055Noord-BrabantWaalwijk
36%
37.850LimburgWeert
34%
32.660GelderlandHarderwijk
33%
31.310OverijsselKampen
33%
38.460GelderlandTiel
33%
61.610UtrechtVeenendaal
32%
34.300UtrechtWoerden
32%
72.975Noord-HollandHoofddorp
30%
50.565LimburgGeleen
29%
114.400Noord-HollandIJmuiden
29%
67.830Noord-HollandHeerhugowaard
28%
37.255UtrechtSoest
28%
34.280Zuid-HollandGorinchem
26%
70.690Zuid-HollandSpijkenisse
25%
24.910GroningenVeendam
25%
35.895Noord-BrabantUden
23%
68.260Zuid-HollandAlphen aan den Rijn
22%
44.355UtrechtHouten
22%
27.870GelderlandBarneveld
21%
39.395Noord-BrabantEtten-Leur
19%
44.370Noord-HollandHuizen
19%
31.320OverijsselOldenzaal
19%
53.190Zuid-HollandBarendrecht
18%
48.790Noord-BrabantOosterhout
17%
31.570UtrechtDe Bilt
15%
25.170GelderlandNijkerk
14%
25.260Noord-BrabantVeghel
14%
26.975Noord-BrabantBest
13%
26.635GelderlandCulemborg
13%
33.535Zuid-HollandRidderkerk
13%
37.145Zuid-HollandHellevoetsluis
11%
32.925GelderlandWijchen
11%
31.705Zuid-HollandMaassluis
10%
29.780Noord-HollandNieuw-Vennep
9%
27.310OverijsselRijssen
9%
28.615GroningenHoogezand-Sappemeer
7%
33.650UtrechtIJsselstijn
7%
24.890Noord-HollandUithoorn
7%
47.905Noord-HollandBussem
6%
39.875Zuid-HollandBerkel en Rodenrijs
5%
33.965Zuid-HollandHoogvliet
5%

Scoreverdeling

Percentiel versus Aantal Correcte Antwoorden

Procent van Mensen met Elke Score

Uw Scoregeschiedenis

U heeft deze quiz nog niet genomen